000 00740cad a22002175a 4500
001 E127068
008 010928s2003 stk 000 0 eng u
020 _a0755907809
035 _a(Sirsi) u127068
041 _aeng
050 0 4 _a711.1
110 2 _aScottish Executive Development Department
_93786
245 0 0 _aHousing quality
_bPlanning Advice Note
_h[electronic resource]
260 _aEdinburgh
_bScottish Executive
_c2003
300 _a44p.
_c30cm.
490 _aPlanning Advice Note
_vPAN 67
651 4 _aScotland
_y1999-
690 _aPROPERTY-RESIDENTIAL PROPERTY
856 4 8 _uhttps://www.scotland.gov.uk/Resource/Doc/47032/0026427.pdf
_zView the planning advice note free of charge at www.scotland.org.uk...
942 _n0
999 _c103696
_d103696